| 000 | 00840nam a22002777a 4500 | ||
|---|---|---|---|
| 001 | 8464 | ||
| 003 | FISKH | ||
| 005 | 20250915100307.0 | ||
| 008 | 250915b cb ||||| |||| 00| 0 eng d | ||
| 020 | _a9780736880664 | ||
| 040 |
_aFISKH _beng _cFISKH _dFISKH |
||
| 050 | _aQL430 .H65 | ||
| 082 | _a593.3 | ||
| 100 | _aHolmes, Kevin J. | ||
| 245 |
_aSnails / _cby Kevin J. Holmes |
||
| 260 |
_aMinnestota : _bBridgestone Books , _c1998. |
||
| 300 |
_a24 pages : _bcolor illustrations ; _c20 x 20 cm . |
||
| 490 | _aAnimals - Bridgestone | ||
| 505 | _aK | ||
| 520 | _aAn introduction to snails' physical characteristics, habits, behavior, and relationships to humans. | ||
| 521 | 8 |
_a510
_bLexile estimate |
|
| 521 | 8 |
_aK
_bRaz-Plus |
|
| 650 |
_aSnails _vJuvenile Literaute |
||
| 942 |
_2ddc _cBK _n0 |
||
| 999 |
_c8464 _d8464 |
||